| 000 | 00498nam a2200181Ia 4500 | ||
|---|---|---|---|
| 999 |
_c29038 _d29038 |
||
| 003 | OSt | ||
| 005 | 20201223121655.0 | ||
| 008 | 190216s9999||||xx |||||||||||||| ||und|| | ||
| 020 | _a9788126415137 | ||
| 040 | _coclc | ||
| 082 |
_a894.8128 _bACH/C |
||
| 100 |
_aAchuthan, M _97167 |
||
| 245 | 0 |
_aCherukadha Innale Innu / _cM Achuthan |
|
| 260 |
_bDc Books, _aKottayam: _c2007. |
||
| 300 | _a375p | ||
| 650 | _aPadanam | ||
| 942 |
_cBK _2ddc _h894.8128 _iACH/C _k894.8128 _mACH/C |
||